|
|
|
|
| LEADER |
02067cam a2200577 i 4500 |
| 001 |
nkc20172905910 |
| 003 |
CZ PrNK |
| 005 |
20171124083226.0 |
| 007 |
ta |
| 008 |
170614s2017 xr a a f 000 0 cze d |
| 015 |
|
|
|a cnb002905910
|
| 020 |
|
|
|a 978-80-256-2074-8
|q (vázáno)
|
| 035 |
|
|
|a (OCoLC)1011126917
|
| 040 |
|
|
|a ULG001
|b cze
|d BOA001
|d ABA001
|e rda
|
| 041 |
1 |
|
|a cze
|h eng
|
| 072 |
|
7 |
|a 641
|x Kuchařství. Potraviny. Vařená jídla
|2 Konspekt
|9 19
|
| 072 |
|
7 |
|a 0/9-053.2
|x Literatura pro děti a mládež (naučná)
|2 Konspekt
|9 26
|
| 080 |
|
|
|a 641/642
|2 MRF
|
| 080 |
|
|
|a 663/664
|2 MRF
|
| 080 |
|
|
|a (0.062)
|2 MRF
|
| 080 |
|
|
|a (0.053.2)
|2 MRF
|
| 100 |
1 |
|
|a Daynes, Katie
|7 kv2011648706
|4 aut
|
| 240 |
1 |
0 |
|a Questions and answers about food.
|l Česky
|
| 245 |
1 |
0 |
|a Otázky a odpovědi o jídle /
|c Katie Daynes, Marie-Eve Tremblay
|
| 250 |
|
|
|a První české vydání
|
| 264 |
|
1 |
|a Praha :
|b Svojtka & Co., s.r.o.,
|c 2017
|
| 300 |
|
|
|a 11 stran :
|b barevné ilustrace ;
|c 29 cm
|
| 336 |
|
|
|a text
|b txt
|2 rdacontent
|
| 336 |
|
|
|a statický obraz
|b sti
|2 rdacontent
|
| 337 |
|
|
|a bez média
|b n
|2 rdamedia
|
| 338 |
|
|
|a svazek
|b nc
|2 rdacarrier
|
| 490 |
1 |
|
|a Podívej se pod obrázek
|
| 500 |
|
|
|a Z angličtiny přeložila Tereza Pádecká
|
| 500 |
|
|
|a Kartonové listy s odklápěcími okénky
|
| 521 |
8 |
|
|a Pro děti od 3 let
|
| 650 |
0 |
7 |
|a jídlo
|7 ph634636
|2 czenas
|
| 650 |
0 |
7 |
|a potraviny
|7 ph115833
|2 czenas
|
| 650 |
0 |
9 |
|a food
|2 eczenas
|
| 655 |
|
7 |
|a populárně-naučné publikace
|7 fd131864
|2 czenas
|
| 655 |
|
7 |
|a publikace pro děti
|7 fd133156
|2 czenas
|
| 655 |
|
9 |
|a popular works
|2 eczenas
|
| 655 |
|
9 |
|a children's literature
|2 eczenas
|
| 700 |
1 |
|
|a Tremblay, Marie-Ève,
|d 1978-
|7 kv2013781650
|4 aut
|
| 700 |
1 |
|
|a Pádecká, Tereza
|7 jo2017972714
|4 trl
|
| 830 |
|
0 |
|a Podívej se pod obrázek
|0 s
|
| 910 |
2 |
|
|a BOA001
|b 3-1395.186
|
| 920 |
|
|
|a KN3148000001223584
|z ULG001
|
| 990 |
|
|
|a BK
|
| 995 |
|
|
|a 01
|
| 991 |
|
|
|b 201709
|c NOV
|
| 996 |
6 |
|
|b 2610718607
|c 3-1395.186
|l MZK
|r Sklad / do 1 hodiny
|n 0
|p p.v.
|w 001630679
|u 000010
|a 1
|e BOA001
|j MZK50
|s P
|